00657cam a22002171 4500001001300000003000400013005001700017008004100034010001700075035001900092040004600111042001200157043001200169050002300181110006000204245004000264260004800304300003300352651003700385999001700422agr42000419 DLC20260227111001.0810326s1942 dcuab f000 0 eng c aagr42000419  a(OCoLC)7266682 aU.S. Dept. of Agr. LibrarycWaUdWaUdDLC apremarc an-us-co00aSD428.S24bA5 19421 aUnited States.bForest Service.bRocky Mountain Region.10aSan Juan National Forest, Colorado. aWashington,bU.S. Govt. Print. Off.,c1942. a22 p.billus., maps.c23 cm. 0aSan Juan National Forest (Colo.) c10211d10211